[Event "Roncana op 4th"]
[Site "Santa Eulalia de Roncana"]
[Date "2010.11.13"]
[Round "7"]
[White "Verdaguer Muntanya, Marc"]
[Black "Garriga Cazorla, Pere"]
[Result "1-0"]
[WhiteElo "2103"]
[BlackElo "1681"]
[PlyCount "77"]
[EventDate "2010.10.02"]
[EventType "swiss"]
[EventRounds "9"]
[EventCountry "ESP"]
[SourceTitle "EXT 2012"]
[Source "ChessBase"]
[SourceDate "2011.11.24"]
[SourceVersion "1"]
[SourceVersionDate "2011.11.24"]
[SourceQuality "1"]

1. e4 c5 2. Nf3 Nc6 3. d4 cxd4 4. Nxd4 e5 5. Nb5 d6 6. N1c3 a6 7. Na3 b5 8. Nd5 Nge7 9. Bg5 h6 10. Bxb5 hxg5 11. Nxe7 axb5 12. Nxc6 Qb6 13. Nb4 Ra4 14. c3 g4 15. Qd3 Bd7 16. Nac2 g6 17. Rd1 f5 18. Ne3 f4 19. Ned5 Qd8 20. Kd2 f3 21. gxf3 Rh3 22. Kc1 Rxf3 23. Qe2 Ra7 24. Rd3 Bh6+ 25. Kb1 Rxd3 26. Qxd3 Qh4 27. Qg3 Qxg3 28. hxg3 Bg7 29. Kc2 Be6 30. a3 Rf7 31. Rh2 Kd7 32. Kd3 Kc8 33. Ke2 Kb7 34. Rh7 Rd7 35. Rh1 Kc8 36. Nb6+ Kd8 37. Nxd7 Bxd7 38. Nd5 Ke8 39. Kd3 1-0

[Event "Roncana op 4th"]
[Site "Santa Eulalia de Roncana"]
[Date "2010.10.09"]
[Round "2"]
[White "Garcia Alcaide, Victor Manuel"]
[Black "Verdaguer Muntanya, Marc"]
[Result "0-1"]
[WhiteElo "1699"]
[BlackElo "2103"]
[PlyCount "64"]
[EventDate "2010.10.02"]
[EventType "swiss"]
[EventRounds "9"]
[EventCountry "ESP"]
[SourceTitle "EXT 2012"]
[Source "ChessBase"]
[SourceDate "2011.11.24"]
[SourceVersion "1"]
[SourceVersionDate "2011.11.24"]
[SourceQuality "1"]

1. e4 c5 2. c3 Nf6 3. e5 Nd5 4. d4 cxd4 5. Nf3 Nc6 6. cxd4 d6 7. exd6 Qxd6 8. Nc3 e6 9. Bc4 Nb6 10. Bb3 Be7 11. 0-0 0-0 12. d5 exd5 13. Nxd5 Nxd5 14. Qxd5 Qg6 15. Ne5 Nxe5 16. Qxe5 Bf6 17. Qc7 Bf5 18. Bd5 Rad8 19. Bf3 Rd7 20. Qa5 b6 21. Qb4 Rd4 22. Qe1 Rdd8 23. Qb4 Rd4 24. Qe1 Rfd8 25. Be3 R4d7 26. Qb4 h5 27. Kh1 h4 28. h3 Be7 29. Qa4 Qf6 30. Rad1 Bxh3 31. Rxd7 Rxd7 32. Bxb6 axb6 0-1

[Event "Olot dels Volcans op"]
[Site "Olot"]
[Date "2010.06.05"]
[Round "6.1"]
[White "Verdaguer Muntanya, Marc"]
[Black "Pham Guerrero, Sergi"]
[Result "1/2-1/2"]
[WhiteElo "2325"]
[BlackElo "2281"]
[PlyCount "36"]
[EventDate "2010.05.22"]
[EventType "swiss"]
[EventRounds "8"]
[EventCountry "ESP"]
[SourceTitle "EXT 2024"]
[Source "ChessBase"]
[SourceDate "2023.10.10"]
[SourceVersion "1"]
[SourceVersionDate "2023.10.10"]
[SourceQuality "1"]

1. d4 Nf6 2. Nf3 g6 3. Nc3 Bg7 4. e4 d6 5. h3 c5 6. Be3 cxd4 7. Nxd4 0-0 8. Qd2 Nc6 9. 0-0-0 Nxd4 10. Bxd4 Be6 11. Kb1 Qa5 12. Nd5 Qxd2 13. Nxf6+ Bxf6 14. Rxd2 Bxd4 15. Rxd4 Rac8 16. Bd3 Rc5 17. c3 h5 18. h4 f5 1/2-1/2

[Event "Olot dels Volcans op"]
[Site "Olot"]
[Date "2010.05.29"]
[Round "4.1"]
[White "Verdaguer Muntanya, Marc"]
[Black "Tosan Pereira, Felipe"]
[Result "1/2-1/2"]
[WhiteElo "2325"]
[BlackElo "2187"]
[PlyCount "99"]
[EventDate "2010.05.22"]
[EventType "swiss"]
[EventRounds "8"]
[EventCountry "ESP"]
[SourceTitle "EXT 2024"]
[Source "ChessBase"]
[SourceDate "2023.10.10"]
[SourceVersion "1"]
[SourceVersionDate "2023.10.10"]
[SourceQuality "1"]

1. d4 d5 2. Bf4 g6 3. e3 Bg7 4. Nf3 Nf6 5. Be2 Nh5 6. Bg5 h6 7. Bh4 0-0 8. Ne5 Nf6 9. Nd2 Nbd7 10. Bg3 c5 11. c3 cxd4 12. exd4 Nxe5 13. Bxe5 Bf5 14. 0-0 Qd7 15. Nf3 Rfc8 16. Re1 Ne8 17. Bxg7 Kxg7 18. Ne5 Qd6 19. Bg4 Bxg4 20. Qxg4 Nf6 21. Qf3 h5 22. Re2 Rc7 23. Rae1 b5 24. a3 a5 25. Qf4 Raa7 26. h3 b4 27. axb4 axb4 28. g4 hxg4 29. hxg4 e6 30. Re3 bxc3 31. bxc3 Ng8 32. Nxg6 Qxf4 33. Nxf4 Ra3 34. Ne2 Nf6 35. f3 Rb3 36. Kf2 Nd7 37. Kg3 Nb6 38. Ra1 Nc4 39. Rd3 Nd6 40. Rd2 Kf6 41. Ra6 Ke7 42. Rda2 Nb5 43. Rb6 Nxc3 44. Rxb3 Nxa2 45. Kf4 Nc1 46. Nxc1 Rxc1 47. g5 Kf8 48. g6 Kg7 49. gxf7 Kxf7 50. Ke5 1/2-1/2

[Event "Staufer op 21st"]
[Site "Schwaebisch Gmuend"]
[Date "2009.01.04"]
[Round "5"]
[White "Verdaguer Muntanya, Marc"]
[Black "Gohil, Harry"]
[Result "1-0"]
[WhiteElo "2152"]
[BlackElo "2344"]
[PlyCount "125"]
[EventDate "2009.01.02"]
[EventType "swiss"]
[EventRounds "9"]
[EventCountry "GER"]
[SourceTitle "CBM 128 Extra"]
[Source "ChessBase"]
[SourceDate "2009.03.05"]
[SourceVersion "2"]
[SourceVersionDate "2009.03.25"]
[SourceQuality "1"]

1. e4 c5 2. Nf3 Nc6 3. d4 cxd4 4. Nxd4 e5 5. Nb5 d6 6. N1c3 a6 7. Na3 b5 8. Nd5 Nf6 9. Bg5 Be7 10. Bxf6 Bxf6 11. c3 Ne7 12. Nxf6+ gxf6 13. Nc2 Bb7 14. Bd3 d5 15. f3 Qb6 16. Qe2 0-0-0 17. 0-0-0 Qe6 18. Kb1 f5 19. exf5 Nxf5 20. g4 Ne7 21. Ne3 Kb8 22. Rhe1 f6 23. Nf5 Ng6 24. Qe3 Qc6 25. Qh6 Qb6 26. Rf1 b4 27. cxb4 Qxb4 28. h4 Qf8 29. Qd2 Qc5 30. Rc1 Qa7 31. Qa5 Nf4 32. Ne7 Nxd3 33. Nc6+ Bxc6 34. Rxc6 Nc5 35. Rxc5 Rc8 36. Rxd5 Rc6 37. Rfd1 Rhc8 38. Rd8 Qe3 39. Rxc8+ Rxc8 40. Qd5 Rc7 41. a3 Rb7 42. Rd2 Ka7 43. h5 Qb6 44. Ka2 a5 45. Rc2 a4 46. Qc5 Qxc5 47. Rxc5 Rb3 48. Rc3 Rxc3 49. bxc3 Kb6 50. Kb2 Kc5 51. Kc2 Kc4 52. h6 Kc5 53. Kd3 Kd5 54. c4+ Kd6 55. Kc2 Kc6 56. Kd2 Kd6 57. Kc3 Kc5 58. Kd3 Kd6 59. Ke4 Kc5 60. Kf5 Kxc4 61. Kxf6 Kb3 62. g5 Kxa3 63. g6 1-0

[Event "Rewal op-A 13th"]
[Site "Rewal"]
[Date "2008.08.20"]
[Round "1"]
[White "Verdaguer Muntanya, Marc"]
[Black "Cyborowski, Lukasz"]
[Result "0-1"]
[WhiteElo "2142"]
[BlackElo "2546"]
[PlyCount "58"]
[EventDate "2008.08.20"]
[EventType "swiss"]
[EventRounds "9"]
[EventCountry "POL"]
[SourceTitle "CBM 126 Extra"]
[Source "ChessBase"]
[SourceDate "2008.11.05"]
[SourceVersion "1"]
[SourceVersionDate "2008.11.05"]
[SourceQuality "1"]

1. d4 d6 2. Nf3 Bg4 3. Bf4 Nd7 4. Nbd2 Ngf6 5. h3 Bh5 6. c3 e6 7. Qb3 Rb8 8. e3 Be7 9. Be2 0-0 10. g4 Bg6 11. Nh4 Be4 12. Nxe4 Nxe4 13. Nf3 d5 14. Bd3 Bd6 15. Bxd6 Nxd6 16. Qc2 g6 17. h4 c5 18. Qe2 b5 19. Ne5 Nxe5 20. dxe5 Nc4 21. f4 d4 22. exd4 cxd4 23. g5 dxc3 24. bxc3 Qa5 25. Rc1 Qa3 26. Rc2 Qc5 27. h5 Rb7 28. Bxc4 bxc4 29. Qf2 Rb1+ 0-1

[Event "Pardubice op-A"]
[Site "Pardubice"]
[Date "2006.07.29"]
[Round "9"]
[White "Verdaguer Muntanya, Marc"]
[Black "Hrbolka, Ladislav"]
[Result "1/2-1/2"]
[WhiteElo "2098"]
[BlackElo "2182"]
[PlyCount "62"]
[EventDate "2006.07.21"]
[EventType "swiss"]
[EventRounds "9"]
[EventCountry "CZE"]
[SourceTitle "CBM 113 Extra"]
[Source "ChessBase"]
[SourceDate "2006.09.14"]
[SourceVersion "1"]
[SourceVersionDate "2006.09.14"]
[SourceQuality "1"]

1. e4 c5 2. Nf3 g6 3. c4 Bg7 4. d4 cxd4 5. Nxd4 Nf6 6. Nc3 Nc6 7. Be3 d6 8. Be2 0-0 9. 0-0 Bd7 10. Qd2 Nxd4 11. Bxd4 Bc6 12. f3 a5 13. b3 Nd7 14. Bxg7 Kxg7 15. Qd4+ Kg8 16. Rac1 Qb6 17. Rfd1 Nc5 18. Nd5 Bxd5 19. cxd5 Rfc8 20. Rc4 Nd7 21. Kf2 Qxd4+ 22. Rdxd4 Nb6 23. Rxc8+ Rxc8 24. Bc4 f6 25. Ke3 Kf7 26. Kd2 g5 27. g3 Nd7 28. Be2 Nc5 29. Bf1 h5 30. Bb5 Rh8 31. Ke3 h4 1/2-1/2

[Event "Catalunya-ch"]
[Site "Barcelona"]
[Date "2002.03.31"]
[Round "8.8"]
[White "Verdaguer Muntanya, Marc"]
[Black "Baches Garcia, Guillermo"]
[Result "0-1"]
[WhiteElo "2142"]
[BlackElo "2374"]
[PlyCount "108"]
[EventDate "2002.03.24"]
[EventType "swiss"]
[EventRounds "9"]
[EventCountry "ESP"]
[SourceTitle "EXT 2003"]
[Source "ChessBase"]
[SourceDate "2002.11.25"]
[SourceVersion "1"]
[SourceVersionDate "2002.11.25"]
[SourceQuality "1"]

1. e4 c5 2. Nf3 d6 3. d4 cxd4 4. Nxd4 Nf6 5. f3 e6 6. c4 Be7 7. Nc3 0-0 8. Be3 a6 9. Qd2 b6 10. Be2 Bb7 11. 0-0 Nbd7 12. Rfd1 Re8 13. Rac1 Rc8 14. b3 Qc7 15. Bf1 Qb8 16. Nc2 Bd8 17. Bf4 Ne5 18. a4 Bc7 19. Be3 Rcd8 20. Qf2 Ned7 21. g3 Ne5 22. Bg2 Nfd7 23. Nd4 Ba8 24. Rd2 Nf6 25. Rcd1 h6 26. Nc2 Nfd7 27. Nb4 Bb7 28. Nc2 Rc8 29. Nd4 Nf6 30. Nc2 Nfd7 31. Nd4 Nc6 32. Nxc6 Bxc6 33. Bf4 Ne5 34. Qe2 Bb7 35. Be3 Nd7 36. Bf4 Ne5 37. Be3 Rcd8 38. Qf2 Ba8 39. Qe2 Nc6 40. Bf4 Bb7 41. Be3 Nb4 42. Qf2 Ba8 43. f4 Bc6 44. Kh1 Qb7 45. h4 b5 46. axb5 axb5 47. c5 dxc5 48. Bxc5 Na6 49. b4 Nxc5 50. Qxc5 Rxd2 51. Rxd2 Bb6 52. Qh5 Ra8 53. Qe2 Ra3 54. Rc2 Bd4 0-1

[Event "Barceloneta op"]
[Site "Barcelona"]
[Date "2001.10.20"]
[Round "4"]
[White "Verdaguer Muntanya, Marc"]
[Black "LLobet Reus, Pere"]
[Result "0-1"]
[WhiteElo "2180"]
[BlackElo "2158"]
[PlyCount "70"]
[EventDate "2001.09.29"]
[EventType "swiss"]
[EventRounds "9"]
[EventCountry "ESP"]
[SourceTitle "CBM 085 Extra"]
[Source "ChessBase"]
[SourceDate "2002.01.21"]
[SourceVersion "1"]
[SourceVersionDate "2002.01.21"]
[SourceQuality "1"]

1. e4 d6 2. d4 Nf6 3. f3 g6 4. c4 Bg7 5. Nc3 0-0 6. Bd3 Nc6 7. Nge2 e5 8. d5 Nd4 9. Be3 Nh5 10. Qd2 c5 11. dxc6 bxc6 12. Bc2 Qb6 13. Ba4 Rb8 14. Rd1 c5 15. b3 Be6 16. 0-0 f5 17. Kh1 f4 18. Bxd4 exd4 19. Nd5 Bxd5 20. cxd5 Qd8 21. Kg1 Be5 22. Rc1 g5 23. Bc6 Rf7 24. Rc4 Qb6 25. Rd1 g4 26. fxg4 Nf6 27. h3 Nxe4 28. Qd3 Ng3 29. Rcc1 Rbf8 30. Nxg3 fxg3 31. Rf1 c4 32. bxc4 Qb2 33. Qb1 Rxf1+ 34. Rxf1 Rxf1+ 35. Qxf1 d3 0-1

[Event "Centelles op B"]
[Site "Centelles"]
[Date "1996.10.26"]
[Round "8"]
[White "Verdaguer Muntanya, Marc"]
[Black "Rodriguez Sorribes, Josep Antoni"]
[Result "1/2-1/2"]
[WhiteElo "1865"]
[BlackElo "1730"]
[PlyCount "69"]
[EventDate "1996.09.07"]
[EventType "swiss"]
[EventRounds "8"]
[EventCountry "ESP"]
[SourceTitle "EXT 2003"]
[Source "ChessBase"]
[SourceDate "2002.11.25"]
[SourceVersion "1"]
[SourceVersionDate "2002.11.25"]
[SourceQuality "1"]

1. d4 d5 2. Nf3 Nf6 3. c4 g6 4. Nc3 Bg7 5. cxd5 Nxd5 6. e4 Nb6 7. Be2 0-0 8. h3 Nc6 9. Be3 e6 10. Qd2 Na5 11. b3 Qe7 12. Nb5 Nc6 13. 0-0 a6 14. Nc3 Rd8 15. Rfd1 Na7 16. e5 c5 17. Bg5 f6 18. exf6 Bxf6 19. Bxf6 Qxf6 20. Ne4 Qe7 21. Nxc5 Nc6 22. Qc2 Nd5 23. Rac1 b6 24. Nd3 Bb7 25. Nde5 Ncb4 26. Qb2 Nf4 27. Bf1 Be4 28. g3 Nh5 29. a3 Nd5 30. Bd3 Bxf3 31. Nxf3 Qf8 32. Ne5 Kg7 33. Rc6 Qe7 34. Be4 Nhf6 35. Bg2 1/2-1/2

[Event "Centelles op B"]
[Site "Centelles"]
[Date "1996.10.05"]
[Round "5"]
[White "Verdaguer Muntanya, Marc"]
[Black "Gonzalez Moreno, Antoni"]
[Result "0-1"]
[WhiteElo "1865"]
[BlackElo "1910"]
[PlyCount "46"]
[EventDate "1996.09.07"]
[EventType "swiss"]
[EventRounds "8"]
[EventCountry "ESP"]
[SourceTitle "EXT 2003"]
[Source "ChessBase"]
[SourceDate "2002.11.25"]
[SourceVersion "1"]
[SourceVersionDate "2002.11.25"]
[SourceQuality "1"]

1. e4 c5 2. Nf3 d6 3. d4 cxd4 4. Nxd4 Nf6 5. Nc3 a6 6. Bg5 e6 7. Be2 Be7 8. Qd2 Qc7 9. 0-0-0 Nbd7 10. f3 b5 11. Bd3 Bb7 12. g4 Ne5 13. Rhf1 Nxd3+ 14. Qxd3 Rc8 15. h4 h6 16. Be3 d5 17. exd5 Nxd5 18. Nxd5 Bxd5 19. g5 Bc4 20. Qd2 Bxf1 21. Rxf1 hxg5 22. hxg5 Rh2 23. Ne2 Qc4 0-1